| 000 | 00768nam a22002297a 4500 | ||
|---|---|---|---|
| 999 |
_c5838 _d5838 |
||
| 003 | AR-CdUCM | ||
| 008 | 190313b ||||| |||| 00| 0 spa d | ||
| 040 |
_aMUNICIPALIDAD PROVINCIAL DEL CUSCO _cBIBLIOTECA MUNICIPAL DEL CUSCO |
||
| 082 |
_a869.58 / _bN32 |
||
| 100 |
_aNavarro Cepero de Kun, Carmen _917279 |
||
| 245 | _aTres obras de teatro, 1962 / | ||
| 260 |
_aLima : _b"Cooperativa de producción artística Trilce", _c1962. |
||
| 300 |
_a32 paginas ; _c18 cm. |
||
| 440 |
_aColección Trilce _917280 |
||
| 500 | _aDonación familia Nieto | ||
| 505 | _aContenido :Lamento de Ranrahirca -- La mujer rapada -- Arga / | ||
| 650 |
_aLiteratura peruana _9169 |
||
| 650 |
_aTeatro peruano _92697 |
||
| 650 |
_aSiglo XX _98 |
||
| 942 |
_2ddc _cLIBROS |
||
| 945 | _arjall | ||